[Event "GER-chB Seniors 26th"]
[Site "Bad Neuenahr"]
[Date "2014.08.08"]
[Round "4"]
[White "Buecken, Rudolf"]
[Black "Fischer, Paul"]
[Result "0-1"]
[WhiteElo "1963"]
[BlackElo "1892"]
[PlyCount "188"]
[EventDate "2014.08.05"]
[EventType "swiss"]
[EventRounds "9"]
[EventCountry "GER"]
[SourceTitle "EXT 2018"]
[Source "ChessBase"]
[SourceDate "2017.10.13"]
[SourceVersion "1"]
[SourceVersionDate "2017.10.13"]
[SourceQuality "1"]

1. e4 g6 2. d4 Bg7 3. Nc3 c6 4. f4 d6 5. Nf3 Nf6 6. e5 dxe5 7. fxe5 Nd5 8. Nxd5 Qxd5 9. Bd3 Bg4 10. Be2 0-0 11. 0-0 Nd7 12. c4 Qa5 13. Bd2 Qb6 14. Qb3 Bxf3 15. Qxb6 axb6 16. Bxf3 Rad8 17. Bc3 e6 18. Rfe1 Rfe8 19. Rad1 Ra8 20. a3 Ra4 21. Bb4 Bf8 22. b3 Raa8 23. Bxf8 Kxf8 24. a4 Kg7 25. Re2 h6 26. Rde1 Rab8 27. d5 cxd5 28. cxd5 exd5 29. Bxd5 Nc5 30. Rf1 Re7 31. Ref2 Rf8 32. Rf3 Ne6 33. Rf6 Rd8 34. Bc4 Rd4 35. R6f2 Re4 36. Re2 Rxe2 37. Bxe2 Nd8 38. Rd1 Nc6 39. Bf3 Nxe5 40. Kf2 Nxf3 41. Kxf3 Rc7 42. Rd3 f5 43. g3 Kf7 44. Rd6 Rc3+ 45. Kg2 Rxb3 46. Rd7+ Ke6 47. Rxb7 Rb4 48. a5 bxa5 49. Ra7 a4 50. Ra6+ Kf7 51. h4 Rg4 52. Kf3 Rb4 53. Kg2 h5 54. Ra7+ Kg8 55. Kf3 Re4 56. Rb7 Rg4 57. Ra7 Rb4 58. Kg2 f4 59. gxf4 Rxf4 60. Kg3 Rg4+ 61. Kh3 Rb4 62. Kg3 Rc4 63. Kh3 Rc3+ 64. Kg2 a3 65. Kf2 Rc2+ 66. Kg3 a2 67. Kf4 Rg2 68. Kf3 Rg4 69. Rxa2 Rxh4 70. Ra7 Rb4 71. Kg3 g5 72. Ra5 Rg4+ 73. Kh3 Kf7 74. Ra6 Re4 75. Rb6 Re6 76. Rb8 Re3+ 77. Kg2 Kf6 78. Rf8+ Ke5 79. Kf2 Ra3 80. Kg2 h4 81. Kh2 Ra4 82. Kh3 Rf4 83. Re8+ Kf5 84. Re7 Rf3+ 85. Kg2 Kg4 86. Re4+ Rf4 87. Re3 h3+ 88. Kg1 Rf3 89. Re5 Rf5 90. Re3 Rf3 91. Re5 Kf4 92. Re8 Kg3 93. Rh8 g4 94. Rh6 Ra3 0-1

[Event "GER-chB Seniors 26th"]
[Site "Bad Neuenahr"]
[Date "2014.08.07"]
[Round "3"]
[White "Lichtblau, Ernst"]
[Black "Buecken, Rudolf"]
[Result "1/2-1/2"]
[WhiteElo "1756"]
[BlackElo "1963"]
[PlyCount "105"]
[EventDate "2014.08.05"]
[EventType "swiss"]
[EventRounds "9"]
[EventCountry "GER"]
[SourceTitle "EXT 2018"]
[Source "ChessBase"]
[SourceDate "2017.10.13"]
[SourceVersion "1"]
[SourceVersionDate "2017.10.13"]
[SourceQuality "1"]

1. Nf3 d5 2. b3 e6 3. e3 c5 4. Bb2 Nc6 5. Bb5 f6 6. 0-0 Bd6 7. d4 Nge7 8. dxc5 Bxc5 9. c4 a6 10. Bxc6+ bxc6 11. cxd5 cxd5 12. Nbd2 0-0 13. Rc1 Ba7 14. Bd4 Bxd4 15. Nxd4 e5 16. Nc6 Nxc6 17. Rxc6 Bb7 18. Rc5 Qd7 19. Qc2 Rac8 20. Rxc8 Rxc8 21. Qb2 Qc6 22. Nf3 Qc2 23. Qa3 d4 24. Ne1 Qc6 25. exd4 exd4 26. f3 Qe6 27. Qb2 Qe3+ 28. Qf2 Bc6 29. Nc2 Qxf2+ 30. Rxf2 Bb5 31. Rd2 d3 32. Nd4 Rc3 33. Kf2 Be8 34. g4 Bg6 35. Ke3 Kf7 36. f4 Ke7 37. f5 Bf7 38. Rxd3 Rc1 39. Nf3 Rc2 40. Rd1 Rc3+ 41. Kf2 Be8 42. Nd4 Bd7 43. Ne2 Rh3 44. Kg2 Re3 45. Nd4 Rc3 46. h4 a5 47. Re1+ Kd8 48. g5 Rd3 49. gxf6 gxf6 50. Ne6+ Bxe6 51. Rxe6 Rd2+ 52. Kf3 Rxa2 53. Rb6 1/2-1/2

[Event "NRW-ch Seniors 16th"]
[Site "Hattingen"]
[Date "2005.05.29"]
[Round "9"]
[White "Buecken, Rudolf"]
[Black "Weritz, Juergen"]
[Result "1/2-1/2"]
[WhiteElo "1676"]
[BlackElo "1731"]
[PlyCount "82"]
[EventDate "2005.05.21"]
[EventType "swiss"]
[EventRounds "9"]
[EventCountry "GER"]
[SourceTitle "EXT 2007"]
[Source "ChessBase"]
[SourceDate "2006.11.23"]
[SourceVersion "1"]
[SourceVersionDate "2006.11.23"]
[SourceQuality "1"]

1. e4 c5 2. d4 cxd4 3. c3 e6 4. cxd4 d5 5. e5 Ne7 6. Nf3 h6 7. Bd3 Nec6 8. 0-0 Be7 9. Nc3 a6 10. Ne2 b5 11. Be3 Ra7 12. Rc1 0-0 13. Bb1 f5 14. Nf4 Qe8 15. a3 g5 16. Nd3 Qh5 17. Qd2 Bd8 18. Nfe1 Bb6 19. f4 Rg7 20. Nc5 Bd8 21. Ned3 Kh8 22. Bc2 Rfg8 23. Bd1 Qg6 24. Bf3 g4 25. Bd1 h5 26. b4 h4 27. Ne1 Qe8 28. Ned3 Bb6 29. Ne1 Qe7 30. Be2 Qa7 31. Ned3 Ne7 32. Rc2 Nec6 33. Rfc1 Rc7 34. Ne1 Rd8 35. Qd1 Rg8 36. Qd2 Nd7 37. Nxe6 Ndxe5 38. fxe5 Bxe6 39. Rxc6 Re7 40. R1c3 f4 41. Rxb6 fxe3 1/2-1/2

[Event "NRW-ch Seniors 16th"]
[Site "Hattingen"]
[Date "2005.05.22"]
[Round "2"]
[White "Kies, Werner"]
[Black "Buecken, Rudolf"]
[Result "1-0"]
[WhiteElo "2022"]
[BlackElo "1676"]
[PlyCount "87"]
[EventDate "2005.05.21"]
[EventType "swiss"]
[EventRounds "9"]
[EventCountry "GER"]
[SourceTitle "EXT 2007"]
[Source "ChessBase"]
[SourceDate "2006.11.23"]
[SourceVersion "1"]
[SourceVersionDate "2006.11.23"]
[SourceQuality "1"]

1. e4 e5 2. Nc3 Nf6 3. f4 d5 4. fxe5 Nxe4 5. Nf3 Bg4 6. d3 Nc5 7. h3 Bh5 8. Be2 Bxf3 9. Bxf3 Qh4+ 10. Kf1 c6 11. Qe2 Ne6 12. Be3 Nd7 13. Bf2 Qb4 14. Rb1 Be7 15. a3 Qa5 16. d4 0-0 17. g3 Qc7 18. h4 Rad8 19. Kg2 Nb6 20. Rbd1 a6 21. Be3 Nc4 22. Bc1 b5 23. Qd3 a5 24. Ne2 Nb6 25. Nf4 Rde8 26. Qf5 Qc8 27. Nh5 Kh8 28. Qd3 f5 29. c3 g6 30. Nf4 Nxf4+ 31. Bxf4 a4 32. Rb1 Qe6 33. Qe2 Qg8 34. Bh6 Rf7 35. Rbe1 Bf8 36. Bg5 h6 37. Bc1 Rfe7 38. Ref1 Nd7 39. Qd3 Re6 40. h5 Qf7 41. hxg6 Qxg6 42. Bh5 Qg7 43. Bxe8 Rxe8 44. Qxf5 1-0

[Event "NRW-ch Seniors 16th"]
[Site "Hattingen"]
[Date "2005.05.21"]
[Round "1"]
[White "Buecken, Rudolf"]
[Black "Wallhof, Dieter"]
[Result "0-1"]
[WhiteElo "1676"]
[BlackElo "1953"]
[PlyCount "36"]
[EventDate "2005.05.21"]
[EventType "swiss"]
[EventRounds "9"]
[EventCountry "GER"]
[SourceTitle "EXT 2007"]
[Source "ChessBase"]
[SourceDate "2006.11.23"]
[SourceVersion "1"]
[SourceVersionDate "2006.11.23"]
[SourceQuality "1"]

1. e4 c5 2. d4 cxd4 3. c3 dxc3 4. Nxc3 Nc6 5. Nf3 e6 6. Bc4 Nge7 7. 0-0 a6 8. Qe2 Ng6 9. Be3 Qc7 10. Rfd1 Be7 11. Rac1 b5 12. Bb3 0-0 13. Nd5 exd5 14. exd5 Bb7 15. dxc6 dxc6 16. Rc2 c5 17. Bxc5 Bxc5 18. Rdc1 Qe7 0-1

[Event "NRW-ch op Seniors 14th"]
[Site "Beverungen"]
[Date "2003.06.18"]
[Round "5.15"]
[White "Wagner, Georg"]
[Black "Buecken, Rudolf"]
[Result "0-1"]
[WhiteElo "1547"]
[BlackElo "1641"]
[PlyCount "56"]
[EventDate "2003.06.14"]
[EventType "swiss"]
[EventRounds "9"]
[EventCountry "GER"]
[SourceTitle "EXT 2004"]
[Source "ChessBase"]
[SourceDate "2003.11.25"]
[SourceVersion "1"]
[SourceVersionDate "2003.11.25"]
[SourceQuality "1"]

1. d4 d5 2. c4 c6 3. Qc2 Nf6 4. Nf3 e6 5. Bg5 Be7 6. e3 0-0 7. Bd3 h6 8. Bh4 Nbd7 9. 0-0 b6 10. a3 a5 11. Nbd2 c5 12. Rfe1 Ba6 13. b3 Rc8 14. a4 cxd4 15. Nxd4 Bb4 16. Nb5 Bxb5 17. axb5 Ne5 18. Rec1 Bxd2 19. Qxd2 dxc4 20. Bh7+ Kh8 21. Qxd8 Rfxd8 22. Bxf6 gxf6 23. Bc2 cxb3 24. Bxb3 Nd3 25. Rxc8 Rxc8 26. g3 Rc1+ 27. Rxc1 Nxc1 28. Bc4 a4 0-1

[Event "NRW-ch op Seniors 14th"]
[Site "Beverungen"]
[Date "2003.06.15"]
[Round "2.23"]
[White "Buecken, Rudolf"]
[Black "Vogel, Gerhard1111"]
[Result "1-0"]
[WhiteElo "1641"]
[BlackElo "1440"]
[PlyCount "63"]
[EventDate "2003.06.14"]
[EventType "swiss"]
[EventRounds "9"]
[EventCountry "GER"]
[SourceTitle "EXT 2004"]
[Source "ChessBase"]
[SourceDate "2003.11.25"]
[SourceVersion "1"]
[SourceVersionDate "2003.11.25"]
[SourceQuality "1"]

1. e4 c5 2. d4 cxd4 3. c3 dxc3 4. Nxc3 a6 5. Nf3 Nc6 6. Bc4 e6 7. 0-0 Be7 8. Qe2 Qc7 9. Rd1 Na5 10. Bd3 Nf6 11. e5 Nd5 12. Nxd5 exd5 13. Bf4 b5 14. Rac1 Qb7 15. Nd4 0-0 16. Nf5 Nc6 17. Bh6 g6 18. Bxf8 Bxf8 19. Nd6 Bxd6 20. exd6 Nd4 21. Qe8+ Kg7 22. Qe5+ Kg8 23. Qxd4 Qb8 24. Rc7 a5 25. Qxd5 Ra7 26. Rdc1 Rxc7 27. Rxc7 Ba6 28. Rxd7 Qe8 29. Re7 Qf8 30. Qe5 f6 31. Qe6+ Kh8 32. Re8 1-0

[Event "Nordrhein Westfalen-ch Seniors 13th"]
[Site "Bad Salzuflen"]
[Date "2002.06.11"]
[Round "4"]
[White "Mietner, Franz"]
[Black "Buecken, Rudolf"]
[Result "1-0"]
[WhiteElo "1866"]
[BlackElo "1711"]
[PlyCount "121"]
[EventDate "2002.06.??"]
[EventType "swiss"]
[EventRounds "9"]
[EventCountry "GER"]
[SourceTitle "EXT 2006"]
[Source "ChessBase"]
[SourceDate "2005.11.24"]
[SourceVersion "1"]
[SourceVersionDate "2005.11.24"]
[SourceQuality "1"]

1. e4 e5 2. Nf3 d6 3. d4 Nf6 4. Nc3 Nbd7 5. Bg5 Be7 6. Be2 0-0 7. 0-0 c6 8. Qd2 Qc7 9. Nh4 g6 10. Rad1 b5 11. a3 a5 12. Bf3 Bb7 13. Ne2 Rad8 14. Ng3 Rfe8 15. c3 c5 16. d5 c4 17. Be2 Nc5 18. Bxf6 Bxf6 19. Nf3 Bc8 20. h3 Bg7 21. Nh2 Rf8 22. Ng4 f5 23. exf5 gxf5 24. Nh6+ Bxh6 25. Qxh6 Qg7 26. Qxg7+ Kxg7 27. f4 e4 28. Nh5+ Kh8 29. Kh2 Rg8 30. Rg1 Rg6 31. g4 Nd3 32. Rg2 Rdg8 33. Rdg1 Nxb2 34. g5 Nd3 35. Rf1 h6 36. Nf6 R8g7 37. h4 hxg5 38. hxg5 Rxf6 39. gxf6 Rxg2+ 40. Kxg2 Bb7 41. Rh1+ Kg8 42. f7+ Kxf7 43. Rh7+ Kf6 44. Rxb7 Nxf4+ 45. Kf2 Nxd5 46. Rxb5 Nxc3 47. Rxa5 d5 48. Ra8 Ke5 49. a4 f4 50. Bg4 Kd4 51. a5 Na4 52. a6 c3 53. Bd1 Kd3 54. Bxa4 d4 55. a7 Kd2 56. Re8 e3+ 57. Kf3 d3 58. a8Q e2 59. Rxe2+ dxe2 60. Qd5+ Ke1 61. Qd3 1-0